Haz click en la comarca de Murcia sin fronteras - ¡Muerte súbita! - Estadísticas

Estadísticas generales
  • Esta prueba ha sido intentada 47 veces
  • La puntuación promedio es 4 de 12
Respuestas en el mapa
Las respuestas están codificadas por una escala verde-roja en el mapa de la prueba según el % correcto abajo.
 
Estadísticas de respuestas
Respuesta % Correcto
Campo de Cartagena
67%
Noroeste
60%
Huerta de Murcia
47%
Altiplano
40%
Oriental
40%
Bajo Guadalentín
33%
Mar Menor
33%
Río Mula
27%
Vega Alta
27%
Vega Media
20%
Alto Guadalentín
13%
Valle de Ricote
13%
No se encontraron pruebas coincidentes
Distribución de puntuación
Porcentaje de gente con cada puntuación
Porcentaje por número respondido
Historial de tus puntuaciones
No has intentado esta prueba.